000 00517nam a2200181Ia 4500
008 090124s9999 xx 000 0 und d
082 _b29739
_a1876
100 _aमाडगूळकर व्यंकटेश
245 _a एक एकर
250 _a1
260 _c1998
300 _a96
600 _aमाडगूळकर व्यंकटेश
630 _a एक एकर
700 _aमाडगूळकर व्यंकटेश
730 _a एक एकर
942 _cBOOK
999 _c143221
_d143221